| 000 | 00380nam a2200145Ia 4500 | ||
|---|---|---|---|
| 005 | 20240821155310.0 | ||
| 008 | 240821s9999||||xx |||||||||||||| ||und|| | ||
| 082 | _a374 DAR | ||
| 100 | _aDarkenwald, Gordon G. | ||
| 245 | 0 | _aAdult education: foundation of practice | |
| 260 |
_aNew York _bHarper & Row Pub. _c1982 |
||
| 300 | _a260p. | ||
| 650 | _aAdult Education | ||
| 942 | _cBK | ||
| 999 |
_c107392 _d107392 |
||